| 000 | 00478nam a2200181Ia 4500 | ||
|---|---|---|---|
| 008 | 230711s9999||||xx |||||||||||||| ||und|| | ||
| 020 | _a978-81-203-4250-7 | ||
| 041 | _aENG | ||
| 082 |
_a620.1123029 _bBH-M |
||
| 100 | _aBhargava A.K | ||
| 245 | 0 | _aMechanical behaviour and testing of materials | |
| 250 | _a1st Ed. | ||
| 260 |
_c2011 _aNew Delhi _bPHI Learning Private Limited |
||
| 300 | _a562p. | ||
| 650 | _aMechanical Engineering | ||
| 700 | _aSharma,C.P | ||
| 942 | _cBK | ||
| 999 |
_c5896 _d5896 |
||